书目信息 |
| 题名: |
一级注册建筑师考试历年真题与解析
|
|
| 作者: | 曹纬浚 主编 ;注册建筑师考试教材编委会 编 | |
| 分册: | 5 建筑经济 施工与设计业务管理 | |
| 出版信息: | 北京 中国建筑工业出版社 2021.11 |
|
| 页数: | 283页 | |
| 开本: | 26cm | |
| 丛书名: | 注册建筑师考试丛书 | |
| 单 册: | ||
| 中图分类: | TU-44 , F407.906 | |
| 科图分类: | ||
| 主题词: | 建筑师--jian zhu shi--资格考试--题解 , 建筑经济--jian zhu jing ji--工业企业管理--资格考试--题解 , 建筑工程--jian zhu gong cheng--工程施工--业务管理--资格考试--题解 , 建筑设计--jian zhu she ji--资格考试--题解 | |
| 电子资源: | ||
| ISBN: | 978-7-112-26705-7 | |
| 000 | 01484nam 2200325 450 | |
| 001 | 28083 | |
| 005 | 20221008143633.09 | |
| 010 | @a978-7-112-26705-7@dCNY59.00 | |
| 100 | @a20211217d2021 em y0chiy50 ea | |
| 101 | 0 | @achi |
| 102 | @aCN@b110000 | |
| 105 | @ak q 000yy | |
| 200 | 1 | @a一级注册建筑师考试历年真题与解析@Ayi ji zhu ce jian zhu shi kao shi li nian zhen ti yu jie xi@h5@i建筑经济 施工与设计业务管理@f 《注册建筑师考试教材》编委会编@g曹纬浚主编 |
| 205 | @a第14版 | |
| 210 | @a北京@c中国建筑工业出版社@d2021.11 | |
| 215 | @a283页@d26cm | |
| 225 | 2 | @a注册建筑师考试丛书@Azhu ce jian zhu shi kao shi cong shu@e2022 |
| 330 | @a本书分为建筑经济、建筑施工、设计业务管理三部分, 具体内容包括: 基本建设程序和工程造价的确定 ; 建设项目费用的组成与计算 ; 建设项目投资估算 ; 建设项目设计概算的编制等。 | |
| 410 | 0 | @12001 @a注册建筑师考试丛书 (2022) |
| 517 | 1 | @a建筑经济 施工与设计业务管理@Ajian zhu jing ji shi gong yu she ji ye wu guan li |
| 606 | 0 | @a建筑师@Ajian zhu shi@x资格考试@j题解 |
| 606 | 0 | @a建筑经济@Ajian zhu jing ji@x工业企业管理@x资格考试@j题解 |
| 606 | 0 | @a建筑工程@Ajian zhu gong cheng@x工程施工@x业务管理@x资格考试@j题解 |
| 606 | 0 | @a建筑设计@Ajian zhu she ji@x资格考试@j题解 |
| 690 | @aTU-44@v5 | |
| 690 | @aF407.906@v5 | |
| 701 | 0 | @a曹纬浚@Acao wei jun@4主编 |
| 712 | 02 | @a注册建筑师考试教材编委会@Azhu ce jian zhu shi kao shi jiao cai bian wei hui@4编 |
| 801 | 0 | @aCN@c20220910 |
| 905 | @a河南城建学院图书馆@dTU-44@eC150=14:5@f2 | |
| 一级注册建筑师考试历年真题与解析.5.建筑经济 施工与设计业务管理/ 《注册建筑师考试教材》编委会编/曹纬浚主编.-第14版.-北京:中国建筑工业出版社,2021.11 |
| 283页;26cm.-(注册建筑师考试丛书:2022) |
| ISBN 978-7-112-26705-7:CNY59.00 |
| 本书分为建筑经济、建筑施工、设计业务管理三部分, 具体内容包括: 基本建设程序和工程造价的确定 ; 建设项目费用的组成与计算 ; 建设项目投资估算 ; 建设项目设计概算的编制等。 |
| ● |
| 相关链接 |
|
|
|
正题名:一级注册建筑师考试历年真题与解析
索取号:TU-44/C150=14:5
 
预约/预借
| 序号 | 登录号 | 条形码 | 馆藏地/架位号 | 状态 | 备注 |
| 1 | 1580753 | 215807535 | 建筑库101/110考试书库 401排0列0层/ [索取号:TU-44/C150=14:5] | 在馆 | |
| 2 | 1580754 | 215807544 | 建筑库101/110考试书库 401排0列0层/ [索取号:TU-44/C150=14:5] | 在馆 |